Statistics for Game of Thrones - Westeros - Map Quiz

Click here to take the quiz!

General Stats

  • This quiz has been taken 566 times
  • The average score is 9 of 12

Answers on the Map

Answers color-coded by a green-red scale on the quiz's map according to % correct below.
 

Answer Stats

Answer% Correct
Beyond the Wall
93%
The Iron Islands
91%
The North
90%
Dorne
87%
Riverlands
78%
The Vale of Arryn
77%
The Westerlands
77%
Stormlands
74%
Crownsland
72%
The Reach
70%
Bran's Gift
69%
New Gift
60%

Score Distribution

Percentile by Number Answered

Percent of People with Each Score

Your Score History

You have not taken this quiz